LEADER 00991nam a2200253 i 4500 001 991002508999707536 005 20020503170140.0 008 000505s1921 fr ||| | fre 035 $ab10374747-39ule_inst 035 $aEXGIL105030$9ExL 040 $aBiblioteca Interfacoltà$bita 082 0 $a234 100 1 $aAllard, Paul$0467527 245 10$aDix leçon sur le martyre données à l'Institut Catholique de Paris :$bfevrier-avril 1905 /$cPaul Allard ; préface de S. G. mgr. Péchenard 250 $a6. ed. rev. et corr. 260 $aParis :$bLecoffre : Gabalda,$c1921 300 $aXXXII, 300 p. 650 4$aMartirio 907 $a.b10374747$b02-04-14$c27-06-02 912 $a991002508999707536 945 $aLE002 St. IX L 13$g1$i2002000695116$lle002$o-$pE0.00$q-$rn$so $t0$u0$v0$w0$x0$y.i10438476$z27-06-02 996 $aDix leçon sur le martyre données à l'Institut Catholique de Paris$9203235 997 $aUNISALENTO 998 $ale002$b01-01-00$cm$da $e-$ffre$gfr $h0$i1